000 00335nam a2200145Ia 4500
008 230718s9999 xx 000 0 und d
041 _aEng.
082 _a346.255
_bM.M-T
100 _am.mahmood
245 4 _athe contract act 1872
260 _aPakistan
_bAl qanoon publisher
_c2021
300 _a626
650 _aLaw
999 _c33011
_d33011